00194 a2200097 4500001000700000040001100007100001900018240002900037245002400066300000600090194892 cMagnum aBAPTISTE, Jean10aO Pinheiro de Natallpor10aO Pinheiro de Natal a6